000 02016nam a2200481 i 4500
001 5967
003 KOSZ 005
005 20240405062954.0
008 970510s1993 pl f |010 0 pol
040 _cKOSZ 005
_aKOSZ 005
_dKOSZ 005/HR
046 _k1993
080 _a378.662.096:621.01(438)
110 2 _aWydział Mechaniczny (Wyższa Szkoła Inżynierska ; Koszalin)
245 1 0 _a25 lat Wydziału Mechanicznego Wyższej Szkoły Inżynierskiej w Koszalinie :
_b1968-1993 : praca zbiorowa /
_cpod red. Jerzego Milanowskiego, Jerzego Ignaciuka, Bronisława Słowińskiego.
246 3 _aDwadzieścia pięć lat Wydziału Mechanicznego Wyższej Szkoły Inżynierskiej w Koszalinie
260 _aKoszalin :
_bWydawnictwo Uczelniane Wyższej Szkoły Inżynierskiej,
_c1993.
300 _a270 s. ;
_c23 cm.
336 _2rdacontent
_aTekst
_btxt
337 _2rdamedia
_aBez urządzenia pośredniczącego
_bn
338 _2rdacarrier
_aWolumin
_bnc
380 _aKsiążki
388 _a1901-2000
388 _a1989-2000
500 _aZeszyt jubileuszowy Wydziału Mechanicznego.
610 2 4 _aWydział Mechaniczny (Politechnika Koszalińska)
658 _aNauka i badania
658 _aInżynieria i technika
648 4 _a1901-2000
651 4 _aPolska
650 4 _aSzkolnictwo wyższe
650 4 _aHistoria
650 4 _aMechanika stosowana
651 4 _aKoszalin (woj. zachodniopomorskie)
648 4 _a1945-1989
648 4 _a1989-2000
700 1 _aIgnaciuk, Jerzy
_d(1951-2000).
_eRedakcja
710 2 _aWydawnictwo Uczelniane (Wyższa Szkoła Inżynierska ; Koszalin).
700 1 _aMilanowski, Jerzy
_eRedakcja
700 1 _aSłowiński, Bronisław
_eRedakcja
856 _uhttp://koha.tu.koszalin.pl/cgi-bin/koha/opac-detail.pl?biblionumber=5967
_yKatalog online BPK
856 _uhttp://dlibra.tu.koszalin.pl/dlibra/docmetadata?id=655
_yBiblioteka Cyfrowa
942 _cKS
_2UKD
999 _c5967
_d5967